CBR a participatory strategy in Africa: (Record no. 2744)

000 -LEADER
fixed length control field 00494nam a2200133 4500
008 - FIXED-LENGTH DATA ELEMENTS--GENERAL INFORMATION
fixed length control field 150730b xxu||||| |||| 00| 0 eng d
020 ## - INTERNATIONAL STANDARD BOOK NUMBER
International Standard Book Number 0953226514
050 ## - LIBRARY OF CONGRESS CALL NUMBER
Classification number HV 1568 .C37 2002
100 ## - MAIN ENTRY--PERSONAL NAME
Personal name Hartley, Sally.
Dates associated with a name 2002
245 ## - TITLE STATEMENT
Title CBR a participatory strategy in Africa:
Remainder of title based on the proceedings of a conference Uganda, September 2001
Statement of responsibility, etc. Sally Hartley.
260 ## - PUBLICATION, DISTRIBUTION, ETC. (IMPRINT)
Place of publication, distribution, etc. London:
Name of publisher, distributor, etc. University College London,
Date of publication, distribution, etc. 2001.
300 ## - PHYSICAL DESCRIPTION
Extent xiv, 249p.
942 ## - ADDED ENTRY ELEMENTS (KOHA)
Source of classification or shelving scheme
Koha item type Hard Covered Materials
Classification part HV 1568 .C37 2002
Koha issues (borrowed), all copies 4
Holdings
Withdrawn status Lost status Source of classification or shelving scheme Damaged status Not for loan Home library Current library Date acquired Source of acquisition Total Checkouts Full call number Barcode Date last seen Date last checked out Price effective from Koha item type
          MACHAKOS UNIVERSITY LIBRARY MACHAKOS UNIVERSITY LIBRARY 30/07/2015 Donation (BMA) 4 HV 1568 .C37 2002 6903 22/05/2017 22/05/2017 30/07/2015 Hard Covered Materials
© Machakos University Library, Along The Highway, Machakos Wote Rd, Machakos, Kenya P.O. Box 136 - 90100 Machakos - Kenya

Tel: ( +254 ) 723 805829 OR Fax : 044-20353 OR Email: library@mksu.ac.ke